| 000 | 01473nam2a22003371 4500 | ||
|---|---|---|---|
| 001 | v19\rc\1511967 | ||
| 005 | 20250618165319.0 | ||
| 035 | _a(NLR Aleph) 004636547 | ||
| 090 |
_a3237459 _c3237459 |
||
| 100 | _a20060620d1901 |||y0rusy50 ca | ||
| 101 | 0 | _arus | |
| 102 | _aRU | ||
| 105 | _ab z ||||| | ||
| 200 | 1 | _aРаспространенность навозного удобрения в России | |
| 210 |
_d1901 _aБ. м. |
||
| 215 | _a[9], XV, 100 с., 1 карт. | ||
| 461 | 0 |
_1001v19\rc\1511957 _12001#$aСельскохозяйственные и статистические сведения по материалам, полученным от хозяев$eВып.$fДеп. земледелия и сел. пром-сти$vВып. 10 _93237334 _cСанкт-Петербург _d1884-1905 _fДеп. земледелия и сел. пром-сти _n[М-во гос. имуществ] _oВып. _tСельскохозяйственные и статистические сведения по материалам, полученным от хозяев _vВып. 10 |
|
| 801 | 0 |
_aRU _bNLR _gpsbo |
|
| 801 | 0 |
_aRU _bRuMoRGB _2psbo |
|
| 801 | 1 |
_aRU _bProSoft-M _2rusmarc |
|
| 852 |
_aNLR _j18.168.1.28(10) |
||
| 852 |
_aNLR _j132/2556(10) |
||
| 899 |
_aRuMoRGB _jЯ 240/81 |
||
| 899 |
_aRuMoRGB _jS 120/35 |
||
| 899 | _aБАН | ||
| 899 | _aНБ СПбГУ | ||
| 899 | _aГПИБ | ||
| 899 | _aНБ МГУ | ||
| 942 | _cBOOK | ||
| 980 | _aNB | ||